[Event "Saratov Regional-ch"]
[Site "Saratov"]
[Date "2015.12.13"]
[Round "9"]
[White "Raisov, Idris"]
[Black "Efimov, Ivan"]
[Result "1-0"]
[WhiteElo "2037"]
[BlackElo "2092"]
[PlyCount "35"]
[EventDate "2015.12.05"]
[EventType "swiss"]
[EventRounds "9"]
[EventCountry "RUS"]
[SourceTitle "EXT 2017"]
[Source "ChessBase"]
[SourceDate "2016.10.25"]
[SourceVersion "1"]
[SourceVersionDate "2016.10.25"]
[SourceQuality "1"]

1. d4 f5 2. c4 Nf6 3. Nc3 e6 4. g3 Be7 5. Bg2 0-0 6. Nh3 d6 7. 0-0 Qe8 8. e4 fxe4 9. Nxe4 Nxe4 10. Bxe4 e5 11. Bg2 Nc6 12. dxe5 Nxe5 13. f4 Nc6 14. Re1 Qg6 15. Nf2 Bf6 16. Be4 Bf5 17. Qd5+ Kh8 18. Bxf5 1-0

[Event "Saratov Regional-ch"]
[Site "Saratov"]
[Date "2015.12.12"]
[Round "7"]
[White "Lingur, Zalina"]
[Black "Efimov, Ivan"]
[Result "1-0"]
[WhiteElo "2093"]
[BlackElo "2092"]
[PlyCount "59"]
[EventDate "2015.12.05"]
[EventType "swiss"]
[EventRounds "9"]
[EventCountry "RUS"]
[SourceTitle "EXT 2017"]
[Source "ChessBase"]
[SourceDate "2016.10.25"]
[SourceVersion "1"]
[SourceVersionDate "2016.10.25"]
[SourceQuality "1"]

1. e4 e5 2. Nf3 Nc6 3. Bb5 a6 4. Ba4 Nf6 5. 0-0 Be7 6. Re1 d6 7. c3 0-0 8. h3 Bd7 9. d4 Re8 10. Nbd2 Bf8 11. Bc2 g6 12. Nf1 Nh5 13. Bg5 Be7 14. Be3 Bf6 15. Qd2 Qc8 16. Rad1 Rd8 17. Ng3 Nxg3 18. fxg3 Bg7 19. Rf1 Be8 20. Bh6 Rd7 21. Nh2 d5 22. Bxg7 Kxg7 23. Ng4 Kf8 24. Nf6 exd4 25. Qh6+ Ke7 26. Ng8+ Kd8 27. Qg5+ Ne7 28. Nxe7 Rxe7 29. exd5 Bd7 30. Rxf7 1-0

[Event "Saratov Regional-ch"]
[Site "Saratov"]
[Date "2015.12.06"]
[Round "2"]
[White "Efimov, Ivan"]
[Black "Belova, Tatyana"]
[Result "1-0"]
[WhiteElo "2092"]
[BlackElo "1692"]
[PlyCount "54"]
[EventDate "2015.12.05"]
[EventType "swiss"]
[EventRounds "9"]
[EventCountry "RUS"]
[SourceTitle "EXT 2017"]
[Source "ChessBase"]
[SourceDate "2016.10.25"]
[SourceVersion "1"]
[SourceVersionDate "2016.10.25"]
[SourceQuality "1"]

1. d4 d5 2. Bf4 Nf6 3. e3 a6 4. c4 dxc4 5. Bxc4 b5 6. Bb3 e6 7. Nf3 Bb4+ 8. Nbd2 Bb7 9. Rc1 Bd6 10. Ne5 Nbd7 11. 0-0 0-0 12. Bg3 Rc8 13. Qe2 Ne4 14. Nxe4 Bxe4 15. a4 Rb8 16. f3 Bd5 17. Bxd5 exd5 18. Nc6 Qf6 19. Nxb8 Rxb8 20. Rc6 bxa4 21. Bxd6 cxd6 22. Rfc1 Nb6 23. Rxb6 Qd8 24. Rxb8 Qxb8 25. Qxa6 g6 26. Rc8+ Qxc8 27. Qxc8+ Kg7 1-0

[Event "Saratov Regional-ch"]
[Site "Saratov"]
[Date "2015.12.05"]
[Round "1"]
[White "Upolovnev, Vladimir"]
[Black "Efimov, Ivan"]
[Result "1/2-1/2"]
[WhiteElo "1861"]
[BlackElo "2092"]
[PlyCount "180"]
[EventDate "2015.12.05"]
[EventType "swiss"]
[EventRounds "9"]
[EventCountry "RUS"]
[SourceTitle "EXT 2017"]
[Source "ChessBase"]
[SourceDate "2016.10.25"]
[SourceVersion "1"]
[SourceVersionDate "2016.10.25"]
[SourceQuality "1"]

1. d4 Nf6 2. Nc3 d6 3. Bg5 Nbd7 4. e4 e5 5. Nf3 Be7 6. Be2 c6 7. 0-0 h6 8. Bxf6 Bxf6 9. Qd2 0-0 10. Rad1 Re8 11. dxe5 dxe5 12. Bc4 Qb6 13. b3 Nf8 14. Ne2 Bg4 15. Qc3 a5 16. h3 Bh5 17. Ng3 Bg6 18. a4 Qc7 19. Rd2 Be7 20. Qe3 b6 21. Qe2 Bb4 22. Rdd1 Qe7 23. Ne1 Rad8 24. Nd3 Bc3 25. Qf3 Nh7 26. Nf5 Qf6 27. g4 Kh8 28. Qg2 Bxf5 29. exf5 e4 30. Nf4 Ng5 31. Be2 Qe5 32. Nh5 g6 33. Ng3 Qf4 34. fxg6 fxg6 35. f3 Qe3+ 36. Kh1 exf3 37. Bxf3 Rxd1 38. Bxd1 Be5 39. Bf3 Rd8 40. Qe2 Qf4 41. Ne4 Nxh3 42. Qg2 Ng5 43. Nxg5 Rd2 44. Nf7+ Kg7 45. Be2 Qe3 46. Nxe5 Rxe2 47. Qf3 Qxf3+ 48. Nxf3 Rxc2 49. Ne5 Rc3 50. Rf3 Rc2 51. Rf7+ Kg8 52. Rf6 Rc5 53. Rxg6+ Kh7 54. Re6 b5 55. Nxc6 bxa4 56. bxa4 Rc4 57. Ne5 Rxa4 58. Kg2 Rb4 59. Re7+ Kg8 60. Ra7 a4 61. Kf3 Kh8 62. Nd7 Kg7 63. Nc5+ Kg6 64. Ra6+ Kg7 65. Ne4 Rb3+ 66. Kf4 a3 67. Nf6 Rb4+ 68. Ke5 Rb5+ 69. Nd5 Rb3 70. Ne7 Re3+ 71. Kd6 Re4 72. Nf5+ Kf8 73. Nxh6 Re3 74. Ra7 Ke8 75. g5 Kf8 76. Nf7 Kg7 77. Ne5+ Kf8 78. Ke6 Kg8 79. Kf6 Rb3 80. Nc4 Rc3 81. Nxa3 Rc6+ 82. Kf5 Rc5+ 83. Kg4 Kh8 84. Kh5 Rc1 85. Nb5 Rh1+ 86. Kg6 Rg1 87. Kf6 Rf1+ 88. Ke5 Re1+ 89. Kd5 Rg1 90. Nc7 Rxg5+ 1/2-1/2

[Event "Saratov Region-ch Seniors"]
[Site "Saratov"]
[Date "2015.11.07"]
[Round "5"]
[White "Dmitriev, Igor"]
[Black "Efimov, Ivan"]
[Result "1/2-1/2"]
[WhiteElo "2228"]
[BlackElo "2095"]
[PlyCount "118"]
[EventDate "2015.11.02"]
[EventType "swiss"]
[EventRounds "7"]
[EventCountry "RUS"]
[SourceTitle "CBM 169 Extra"]
[Source "ChessBase"]
[SourceDate "2015.12.18"]
[SourceVersion "1"]
[SourceVersionDate "2015.12.18"]
[SourceQuality "1"]

1. d4 Nf6 2. Nc3 d6 3. Nf3 Nbd7 4. e4 e5 5. a4 Be7 6. a5 c6 7. Be2 0-0 8. 0-0 Re8 9. Be3 Bf8 10. Nd2 g6 11. f4 Bh6 12. Nc4 exf4 13. Bxf4 Bxf4 14. Rxf4 Nf8 15. Qf1 d5 16. exd5 Nxd5 17. Nxd5 Qxd5 18. Ne5 Be6 19. a6 g5 20. c4 Qd6 21. c5 Qc7 22. Rf6 Ng6 23. axb7 Qxb7 24. Qc1 Bd5 25. Bf3 Nxe5 26. Bxd5 cxd5 27. dxe5 Rxe5 28. Qc3 Qc7 29. b4 Rae8 30. Raf1 R8e7 31. Qd4 Kg7 32. b5 h6 33. Rd6 Kh7 34. Rxd5 Re1 35. Qd3+ Kg8 36. Rd8+ Re8 37. Rxe8+ Rxe8 38. c6 Qb6+ 39. Kh1 Re5 40. Qc3 Qxb5 41. Rc1 Re8 42. c7 Rc8 43. h3 Qf5 44. Qd4 Qf4 45. Qc5 a5 46. Rc4 Qg3 47. Qxa5 h5 48. Qd2 Kh7 49. Rc5 Kh6 50. Rc6+ Kg7 51. Qd4+ Kf8 52. Rc1 Qf4 53. Qc5+ Kg7 54. Qc3+ Kg8 55. Kg1 g4 56. g3 Qd6 57. hxg4 hxg4 58. Kh2 Qh6+ 59. Kg2 Qd6 1/2-1/2

[Event "Saratov Region-ch Seniors"]
[Site "Saratov"]
[Date "2015.11.05"]
[Round "3"]
[White "Efimov, Ivan"]
[Black "Raisov, Idris"]
[Result "1-0"]
[WhiteElo "2095"]
[BlackElo "2023"]
[PlyCount "65"]
[EventDate "2015.11.02"]
[EventType "swiss"]
[EventRounds "7"]
[EventCountry "RUS"]
[SourceTitle "CBM 169 Extra"]
[Source "ChessBase"]
[SourceDate "2015.12.18"]
[SourceVersion "1"]
[SourceVersionDate "2015.12.18"]
[SourceQuality "1"]

1. Nf3 Nf6 2. g3 g6 3. Bg2 Bg7 4. 0-0 0-0 5. d3 d5 6. Nbd2 c5 7. e4 dxe4 8. dxe4 Nc6 9. c3 e5 10. Qc2 Qe7 11. Nc4 Be6 12. Ncxe5 Nxe5 13. Nxe5 Rad8 14. Re1 Qc7 15. Bf4 g5 16. Bxg5 Qxe5 17. f4 Qc7 18. f5 Bc4 19. e5 Ng4 20. f6 Bd3 21. Qd1 Nxe5 22. fxg7 Kxg7 23. Bxd8 Rxd8 24. Qc1 f6 25. Qf4 Qb6 26. b3 c4+ 27. Qe3 Qa6 28. b4 b6 29. a4 Qc8 30. a5 Rd6 31. axb6 axb6 32. Ra7+ Kh8 33. Ra8 1-0

[Event "Saratov-ch"]
[Site "Saratov"]
[Date "2014.02.28"]
[Round "5"]
[White "Efimov, Ivan"]
[Black "Vdovin, Sergey Anatolievich"]
[Result "1-0"]
[WhiteElo "2157"]
[BlackElo "1763"]
[PlyCount "104"]
[EventDate "2014.02.24"]
[EventType "swiss"]
[EventRounds "9"]
[EventCountry "RUS"]
[SourceTitle "CBM 159 Extra"]
[Source "ChessBase"]
[SourceDate "2014.04.24"]
[SourceVersion "1"]
[SourceVersionDate "2014.04.24"]
[SourceQuality "1"]

1. e4 c5 2. Nf3 Nc6 3. d4 cxd4 4. Nxd4 e5 5. Nb5 a6 6. Nd6+ Bxd6 7. Qxd6 Qe7 8. Qd1 Nf6 9. Nc3 d6 10. Bg5 Be6 11. Nd5 Bxd5 12. exd5 Nb8 13. Be2 Nbd7 14. 0-0 0-0 15. c4 h6 16. Be3 a5 17. b3 Ne4 18. Bd3 Nec5 19. Bf5 Rfb8 20. a3 a4 21. b4 Nb3 22. Ra2 g6 23. Bc2 f5 24. Bxb3 axb3 25. Qxb3 f4 26. Bc1 Kg7 27. Re1 Rf8 28. Qd3 b6 29. Kh1 Rf5 30. g4 Rf7 31. f3 Qh4 32. Rg1 Qg5 33. Bd2 Re8 34. Be1 Qd8 35. Bf2 Qc8 36. a4 Qa6 37. Rga1 Rc8 38. Rc2 Nf6 39. a5 bxa5 40. Rxa5 Qb7 41. b5 e4 42. fxe4 Qe7 43. Bd4 Re8 44. Re2 Kh7 45. Ra7 Nd7 46. Qf3 Qg5 47. Rea2 h5 48. gxh5 gxh5 49. Rg2 Qh6 50. h4 Ree7 51. Rg5 Nf6 52. b6 Nxe4 1-0

[Event "Saratov Region-ch Seniors"]
[Site "Saratov"]
[Date "2013.11.11"]
[Round "1"]
[White "Efimov, Ivan"]
[Black "Polyakov, Petr"]
[Result "1-0"]
[WhiteElo "2131"]
[BlackElo "1633"]
[PlyCount "147"]
[EventDate "2013.11.11"]
[EventType "swiss"]
[EventRounds "7"]
[EventCountry "RUS"]
[SourceTitle "EXT 2015"]
[Source "ChessBase"]
[SourceDate "2014.11.20"]
[SourceVersion "1"]
[SourceVersionDate "2014.11.20"]
[SourceQuality "1"]

1. Nf3 d5 2. c4 d4 3. b4 e6 4. Bb2 c5 5. d3 Nf6 6. g3 Bd6 7. Bg2 0-0 8. 0-0 Nc6 9. bxc5 Bxc5 10. Nbd2 e5 11. Nb3 Bb6 12. a4 Bg4 13. a5 Bc7 14. a6 bxa6 15. Nfd2 Bd7 16. Ba3 Re8 17. Nc5 Bb6 18. Nxa6 Rc8 19. Bd6 Bg4 20. c5 Qd7 21. cxb6 Qxd6 22. b7 Rcd8 23. Nc4 Qd7 24. Bxc6 Qxc6 25. b8Q Rxb8 26. Nxb8 Rxb8 27. Nxe5 Qc5 28. Nxg4 Nxg4 29. h3 Nf6 30. Qa4 Re8 31. Rac1 Qh5 32. Kg2 Qd5+ 33. Kh2 h5 34. Rfe1 h4 35. Qc6 hxg3+ 36. fxg3 Qh5 37. Qf3 Qh6 38. Qf4 Qh5 39. Rc2 Qa5 40. Rec1 Kh7 41. Qxd4 Qh5 42. Qh4 Qxh4 43. gxh4 Nd5 44. e4 Nf4 45. Rd1 Re5 46. Rf2 Ng6 47. Rxf7 Nxh4 48. Rg1 Kh6 49. Rg4 g5 50. Rxa7 Nf3+ 51. Kg3 Ne1 52. Ra6+ Kh5 53. Rd6 Ra5 54. Rd5 Ra2 55. Rdxg5+ Kh6 56. Rg6+ Kh7 57. Rg7+ Kh6 58. R7g6+ Kh7 59. Rd6 Rg2+ 60. Kf4 Rf2+ 61. Ke3 Rh2 62. Rg3 Nc2+ 63. Kf4 Rf2+ 64. Rf3 Rd2 65. e5 Ne1 66. Rg3 Ng2+ 67. Kf3 Nh4+ 68. Kg4 Ng6 69. d4 Rd1 70. Kg5 Nf8 71. e6 Rxd4 72. e7 Re4 73. Rh6+ Kg8 74. Kf5+ 1-0

[Event "Saratov-ch"]
[Site "Saratov"]
[Date "2013.03.05"]
[Round "8"]
[White "Efimov, Ivan"]
[Black "Dmitriev, Igor"]
[Result "0-1"]
[WhiteElo "2131"]
[BlackElo "2297"]
[PlyCount "96"]
[EventDate "2013.02.25"]
[EventType "swiss"]
[EventRounds "9"]
[EventCountry "RUS"]
[SourceTitle "CBM 153 Extra"]
[Source "ChessBase"]
[SourceDate "2013.04.22"]
[SourceVersion "1"]
[SourceVersionDate "2013.04.22"]
[SourceQuality "1"]

1. Nf3 g6 2. g3 Bg7 3. d4 c5 4. Bg2 cxd4 5. Nxd4 Nc6 6. Be3 Nf6 7. Nxc6 bxc6 8. 0-0 Qc7 9. c4 Bb7 10. Nc3 0-0 11. c5 Rad8 12. Qa4 Qb8 13. Rfd1 Qa8 14. Qh4 Rfe8 15. Bh6 Bh8 16. Bg5 a5 17. e4 Qb8 18. Bf4 Qa7 19. Bc7 Ra8 20. Bb6 Qb8 21. Bh3 Bc8 22. Rd2 d6 23. Na4 Bxh3 24. Qxh3 Nxe4 25. Re2 d5 26. Rae1 e6 27. Qh6 Bd4 28. Kg2 e5 29. f3 Nf6 30. Qd2 Re6 31. b3 Nd7 32. f4 Nxb6 33. Nxb6 Ra7 34. Na4 Qb4 35. Rd1 Rae7 36. Qxb4 axb4 37. Rd3 Kg7 38. Re1 f6 39. Re2 Kf7 40. Re1 Ra7 41. Re2 Re8 42. Kf1 Ra5 43. Rc2 h5 44. h3 Ke6 45. g4 Rh8 46. Kg2 hxg4 47. hxg4 Ra7 48. Re2 Rah7 0-1

[Event "Saratov-ch"]
[Site "Saratov"]
[Date "2013.03.02"]
[Round "6"]
[White "Guliyev, Hasan Ismayil"]
[Black "Efimov, Ivan"]
[Result "0-1"]
[WhiteElo "1714"]
[BlackElo "2131"]
[PlyCount "46"]
[EventDate "2013.02.25"]
[EventType "swiss"]
[EventRounds "9"]
[EventCountry "RUS"]
[SourceTitle "CBM 153 Extra"]
[Source "ChessBase"]
[SourceDate "2013.04.22"]
[SourceVersion "1"]
[SourceVersionDate "2013.04.22"]
[SourceQuality "1"]

1. e4 c5 2. Nf3 d6 3. d4 cxd4 4. Nxd4 Nf6 5. Nc3 a6 6. Be3 e6 7. Bc4 b5 8. Bd3 Bb7 9. f3 Nbd7 10. 0-0 b4 11. Nce2 d5 12. Ng3 Bd6 13. Qe1 Qc7 14. Bf2 dxe4 15. Bxe4 Nxe4 16. fxe4 0-0 17. Rd1 Ne5 18. Qe2 Rfd8 19. b3 Rac8 20. Rd2 Ng6 21. Qg4 Bf4 22. Re2 a5 23. Rd1 e5 0-1

[Event "Saratov-ch"]
[Site "Saratov"]
[Date "2013.03.01"]
[Round "5"]
[White "Efimov, Ivan"]
[Black "Karpenko, Artem"]
[Result "0-1"]
[WhiteElo "2131"]
[BlackElo "2004"]
[PlyCount "64"]
[EventDate "2013.02.25"]
[EventType "swiss"]
[EventRounds "9"]
[EventCountry "RUS"]
[SourceTitle "CBM 153 Extra"]
[Source "ChessBase"]
[SourceDate "2013.04.22"]
[SourceVersion "1"]
[SourceVersionDate "2013.04.22"]
[SourceQuality "1"]

1. Nf3 d5 2. c4 d4 3. d3 c5 4. g3 Nc6 5. Bg2 Nf6 6. 0-0 e5 7. a3 Bd6 8. Nbd2 0-0 9. Ng5 h6 10. Nge4 Nxe4 11. Nxe4 Be7 12. Rb1 a5 13. f4 f5 14. Nf2 Bd6 15. Nh3 Qe8 16. e3 Bd7 17. b3 exf4 18. Nxf4 dxe3 19. Qf3 Bxf4 20. Qxf4 Nd4 21. Rb2 e2 22. Re1 Bc6 23. Be3 Bxg2 24. Bxd4 Bf1 25. Bxc5 Rf6 26. Qf3 Rd8 27. Bf2 Qd7 28. d4 f4 29. g4 Rg6 30. h3 h5 31. Qe4 Qf7 32. Bh4 Re8 0-1

[Event "Saratov-ch"]
[Site "Saratov"]
[Date "2013.02.28"]
[Round "4"]
[White "Sudnik, Pavel"]
[Black "Efimov, Ivan"]
[Result "1/2-1/2"]
[WhiteElo "2056"]
[BlackElo "2131"]
[PlyCount "135"]
[EventDate "2013.02.25"]
[EventType "swiss"]
[EventRounds "9"]
[EventCountry "RUS"]
[SourceTitle "CBM 153 Extra"]
[Source "ChessBase"]
[SourceDate "2013.04.22"]
[SourceVersion "1"]
[SourceVersionDate "2013.04.22"]
[SourceQuality "1"]

1. e4 c5 2. Nc3 d6 3. f4 a6 4. Nf3 b5 5. d3 Nf6 6. g3 Bb7 7. Bg2 Nbd7 8. 0-0 e6 9. Nh4 Qc7 10. f5 e5 11. Nd5 Nxd5 12. exd5 Be7 13. c4 Bxh4 14. gxh4 Nf6 15. Bg5 h6 16. Bxf6 gxf6 17. a4 bxc4 18. dxc4 Ke7 19. a5 Rag8 20. Kh1 Rg7 21. Qd2 Rg4 22. b3 Rxh4 23. Qf2 Rg4 24. Bh3 Rg5 25. Rfb1 Rb8 26. Qh4 h5 27. Rf1 Bc8 28. Rf3 Bd7 29. Qe4 Rb4 30. Qc2 Qd8 31. Qe4 Qg8 32. Raf1 Qg7 33. Ra1 Qh6 34. Qe3 Qh7 35. Qe4 Rg8 36. Qe3 Rgb8 37. Ra3 Rg8 38. Ra1 Rg5 39. Raf1 Rb8 40. Qf2 Qg7 41. Re1 Rg8 42. Rf1 Qf8 43. Ra1 Qb8 44. Qd2 Qc7 45. Qf2 Rb8 46. Qd2 h4 47. Qc2 Rh8 48. Qe4 Qb8 49. Qc2 Qb4 50. Qd3 Rhg8 51. Qe3 Kd8 52. Qf2 Kc7 53. Qe3 Re8 54. Rf2 e4 55. Rf4 Re5 56. Rxh4 Bxf5 57. Bxf5 Rgxf5 58. Rxe4 Rxe4 59. Qxe4 Re5 60. Qf3 f5 61. Qh5 Re7 62. Qg5 Re1+ 63. Rxe1 Qxe1+ 64. Kg2 Qe4+ 65. Kg3 Qe1+ 66. Kh3 Qe5 67. Qd2 f4 68. Kg2 1/2-1/2

[Event "Saratov-ch"]
[Site "Saratov"]
[Date "2013.02.25"]
[Round "1"]
[White "Efimov, Ivan"]
[Black "Petryakova, Natalia"]
[Result "1-0"]
[WhiteElo "2131"]
[BlackElo "1767"]
[PlyCount "55"]
[EventDate "2013.02.25"]
[EventType "swiss"]
[EventRounds "9"]
[EventCountry "RUS"]
[SourceTitle "CBM 153 Extra"]
[Source "ChessBase"]
[SourceDate "2013.04.22"]
[SourceVersion "1"]
[SourceVersionDate "2013.04.22"]
[SourceQuality "1"]

1. e4 e6 2. d4 d5 3. Nc3 Nf6 4. e5 Nfd7 5. f4 c5 6. Nf3 Nc6 7. Be3 Be7 8. Qd2 a6 9. 0-0-0 b5 10. dxc5 Bxc5 11. Bxc5 Nxc5 12. Nd4 Qb6 13. Nxc6 Qxc6 14. Ne2 Ne4 15. Qe3 Qc4 16. Kb1 Qb4 17. Nd4 Bd7 18. c3 Qe7 19. Bd3 Nc5 20. Bc2 Rc8 21. g4 0-0 22. f5 Rfe8 23. Rde1 f6 24. exf6 Qxf6 25. g5 Qd8 26. f6 gxf6 27. gxf6 Kf7 28. Qh6 1-0

[Event "Saratov Winter Cup"]
[Site "Saratov"]
[Date "2013.01.21"]
[Round "8"]
[White "Efimov, Ivan"]
[Black "Biryukov, Dmitriy"]
[Result "1/2-1/2"]
[WhiteElo "2121"]
[BlackElo "2305"]
[PlyCount "227"]
[EventDate "2013.01.12"]
[EventType "swiss"]
[EventRounds "9"]
[EventCountry "RUS"]
[SourceTitle "CBM 152 Extra"]
[Source "ChessBase"]
[SourceDate "2013.02.25"]
[SourceVersion "1"]
[SourceVersionDate "2013.02.25"]
[SourceQuality "1"]

1. Nf3 d6 2. d4 g6 3. g3 Bg7 4. Bg2 Nf6 5. 0-0 0-0 6. b3 Nc6 7. Bb2 Nd7 8. a4 a5 9. Na3 e5 10. dxe5 Ndxe5 11. Nxe5 Nxe5 12. Qc1 c6 13. Rd1 Qe7 14. f4 Ng4 15. Bxg7 Kxg7 16. e4 d5 17. Qb2+ Kg8 18. Qd4 dxe4 19. Qxe4 Qxe4 20. Bxe4 Re8 21. Re1 Be6 22. Bd3 Bd5 23. Nc4 Bxc4 24. Bxc4 Kf8 25. Bd3 Rxe1+ 26. Rxe1 Re8 27. Rxe8+ Kxe8 28. h3 Nf6 29. Kf2 Ke7 30. Ke3 Kd6 31. Bc4 Nd5+ 32. Kd4 c5+ 33. Ke4 f5+ 34. Kd3 Nf6 35. Ke3 Ke7 36. Be2 h6 37. Bf3 b6 38. h4 Ne8 39. Bd5 Kf6 40. Kd3 Nd6 41. Ke3 g5 42. hxg5+ hxg5 43. fxg5+ Kxg5 44. Kf3 Ne8 45. Kf2 Kf6 46. Ke3 Ke5 47. c4 Nc7 48. Bf3 Ne6 49. Be2 Kf6 50. Bf3 Kg5 51. Be2 Nd4 52. Bd1 Nc6 53. Bf3 Ne5 54. Be2 Nf7 55. Bd1 Nd6 56. Bf3 Ne8 57. Be2 Nc7 58. Bf3 Ne6 59. Be2 Kf6 60. Bf3 Ke5 61. Be2 Nf8 62. Bf3 Nh7 63. Be2 Ng5 64. Bd3 Ne6 65. Be2 f4+ 66. gxf4+ Nxf4 67. Bf3 Ne6 68. Bg4 Nd4 69. Bd1 Nf5+ 70. Kd3 Kf4 71. Bh5 Nd4 72. Bd1 Nc6 73. Bh5 Ne5+ 74. Kd2 Ke4 75. Be2 Kd4 76. Bh5 Nd3 77. Be2 Nf4 78. Bf3 Ng6 79. Be2 Nf4 80. Bf3 Ne6 81. Bd5 Ng5 82. Bg2 Ke5 83. Ke3 Ne6 84. Bf3 Nd4 85. Bd1 Nf5+ 86. Kd3 Kf4 87. Bh5 Ng3 88. Bd1 Ne4 89. Bh5 Nf6 90. Bd1 Nd7 91. Bh5 Ne5+ 92. Kd2 Ke4 93. Be2 Nf7 94. Bh5 Ng5 95. Bd1 Kd4 96. Bg4 Ne4+ 97. Kc2 Ke3 98. Bh5 Ng3 99. Bg4 Ne2 100. Bh5 Nd4+ 101. Kc3 Kf2 102. Bg4 Ke1 103. Bh5 Ne6 104. Bg4 Nf4 105. Bf3 Ng6 106. Bg4 Nf4 107. Bf3 Ne2+ 108. Bxe2 Kxe2 109. Kc2 Ke3 110. Kc3 Kf4 111. Kd2 Kf5 112. Kd3 Kf4 113. Kd2 Ke4 114. Ke2 1/2-1/2

[Event "Saratov Winter Cup"]
[Site "Saratov"]
[Date "2013.01.16"]
[Round "5"]
[White "Dmitriev, Igor"]
[Black "Efimov, Ivan"]
[Result "1/2-1/2"]
[WhiteElo "2307"]
[BlackElo "2121"]
[PlyCount "102"]
[EventDate "2013.01.12"]
[EventType "swiss"]
[EventRounds "9"]
[EventCountry "RUS"]
[SourceTitle "CBM 152 Extra"]
[Source "ChessBase"]
[SourceDate "2013.02.25"]
[SourceVersion "1"]
[SourceVersionDate "2013.02.25"]
[SourceQuality "1"]

1. g3 Nf6 2. Bg2 g6 3. c4 Bg7 4. Nc3 0-0 5. Rb1 d6 6. d3 Nc6 7. Bg5 h6 8. Bxf6 Bxf6 9. Qd2 Kh7 10. e3 e5 11. Nge2 Bf5 12. b4 Qd7 13. b5 Nd8 14. 0-0 Bg7 15. f4 Bh3 16. Bxh3 Qxh3 17. f5 gxf5 18. Rf2 Ne6 19. Rbf1 f4 20. exf4 f5 21. Nd5 Rf7 22. fxe5 dxe5 23. d4 Ng5 24. dxe5 Ne4 25. Qe3 Nxf2 26. Rxf2 Re8 27. e6 Qg4 28. Ndf4 Rfe7 29. Kg2 Qg5 30. Qd3 Qf6 31. Ng1 c6 32. a4 Kg8 33. Nf3 Rxe6 34. Nxe6 Qxe6 35. Nh4 Qe4+ 36. Rf3 Re5 37. Qd7 Qxc4 38. Nxf5 Bf8 39. Qc8 Qa2+ 40. Kh3 Qe6 41. Qxe6+ Rxe6 42. bxc6 Rxc6 43. Rf4 a6 44. Re4 b5 45. axb5 axb5 46. Ne7+ Bxe7 47. Rxe7 Rb6 48. Kg4 b4 49. Re2 b3 50. Rb2 Kf7 51. Kf4 Kg6 1/2-1/2

[Event "Saratov Winter Cup"]
[Site "Saratov"]
[Date "2013.01.14"]
[Round "3"]
[White "Bondarenko, Vladimir"]
[Black "Efimov, Ivan"]
[Result "0-1"]
[WhiteElo "2292"]
[BlackElo "2121"]
[PlyCount "72"]
[EventDate "2013.01.12"]
[EventType "swiss"]
[EventRounds "9"]
[EventCountry "RUS"]
[SourceTitle "CBM 152 Extra"]
[Source "ChessBase"]
[SourceDate "2013.02.25"]
[SourceVersion "1"]
[SourceVersionDate "2013.02.25"]
[SourceQuality "1"]

1. d4 Nf6 2. c4 g6 3. Nf3 Bg7 4. Nc3 d5 5. cxd5 Nxd5 6. Qa4+ Nc6 7. e3 0-0 8. Nxd5 Qxd5 9. Bc4 Qa5+ 10. Qxa5 Nxa5 11. Be2 Be6 12. Bd2 Nc4 13. Bc3 Nd6 14. Nd2 Bd5 15. Bf3 e6 16. 0-0 Rfc8 17. e4 Bc6 18. Rfc1 Bh6 19. d5 exd5 20. exd5 Bd7 21. Rd1 Bf5 22. Nf1 Re8 23. Ng3 Bc2 24. Re1 f5 25. Be5 Kf7 26. Bc3 Nb5 27. Be5 Re7 28. a4 Nd6 29. Bd4 Rxe1+ 30. Rxe1 Bxa4 31. Ra1 Bb3 32. Ne2 Nb5 33. Be3 Bg7 34. Nc3 Nxc3 35. bxc3 a5 36. Bd2 a4 0-1

[Event "Saratov SSEU Cup"]
[Site "Saratov"]
[Date "2012.12.19"]
[Round "8"]
[White "Efimov, Ivan"]
[Black "Kvitka, Roman"]
[Result "1-0"]
[WhiteElo "2103"]
[BlackElo "2156"]
[PlyCount "119"]
[EventDate "2012.12.06"]
[EventType "tourn"]
[EventRounds "9"]
[EventCountry "RUS"]
[SourceTitle "CBM 152 Extra"]
[Source "ChessBase"]
[SourceDate "2013.02.25"]
[SourceVersion "1"]
[SourceVersionDate "2013.02.25"]
[SourceQuality "1"]

1. Nf3 Nf6 2. g3 d5 3. Bg2 c5 4. 0-0 Nc6 5. d4 e6 6. c4 cxd4 7. Nxd4 Bc5 8. Nb3 Be7 9. cxd5 exd5 10. Nc3 Be6 11. Nd4 0-0 12. Nxe6 fxe6 13. Qb3 Qb6 14. Qxb6 axb6 15. Bh3 Kf7 16. Rd1 Bc5 17. Nb5 Rae8 18. a3 Ne4 19. e3 Ke7 20. f4 Bd6 21. Nxd6 Nxd6 22. b3 Na5 23. Rb1 g6 24. a4 Rc8 25. Ba3 Rfd8 26. Rd3 Kf7 27. Bxd6 Rxd6 28. e4 Rcd8 29. Rbd1 Nc6 30. Kf2 d4 31. e5 R6d7 32. Bg2 Nb4 33. R3d2 Ke7 34. Be4 Kf7 35. Kf3 Ke7 36. Bd3 Rc7 37. Bc4 Nc6 38. Ke4 Rcd7 39. Bb5 Rd5 40. Bxc6 bxc6 41. Rxd4 Rc8 42. g4 h5 43. gxh5 gxh5 44. Rg1 Kf7 45. Rg5 Rh8 46. f5 Rxd4+ 47. Kxd4 exf5 48. Rxf5+ Ke7 49. Rf6 Kd7 50. Rf7+ Ke6 51. Rc7 c5+ 52. Ke4 Rb8 53. Rc6+ Ke7 54. Rh6 b5 55. Kd5 c4 56. Rh7+ Kd8 57. Rh8+ Kc7 58. Rxb8 Kxb8 59. bxc4 bxa4 60. Kd4 1-0

[Event "Saratov SSEU Cup"]
[Site "Saratov"]
[Date "2012.12.17"]
[Round "6"]
[White "Efimov, Ivan"]
[Black "Dvoryadkin, Maksim"]
[Result "1/2-1/2"]
[WhiteElo "2103"]
[BlackElo "2018"]
[PlyCount "56"]
[EventDate "2012.12.06"]
[EventType "tourn"]
[EventRounds "9"]
[EventCountry "RUS"]
[SourceTitle "CBM 152 Extra"]
[Source "ChessBase"]
[SourceDate "2013.02.25"]
[SourceVersion "1"]
[SourceVersionDate "2013.02.25"]
[SourceQuality "1"]

1. Nf3 d5 2. g3 Nf6 3. Bg2 c6 4. 0-0 Bg4 5. Ne5 Bh5 6. c4 e6 7. cxd5 exd5 8. d4 Nbd7 9. Bf4 Be7 10. Nc3 0-0 11. Rc1 Nxe5 12. Bxe5 Nd7 13. Bf4 g5 14. Be3 f5 15. f4 g4 16. Qc2 Nb6 17. b3 Qd7 18. Nd1 Rae8 19. a4 Bg6 20. a5 Na8 21. a6 Rf6 22. axb7 Qxb7 23. Bd2 Nc7 24. Nf2 Rb8 25. Rb1 Nb5 26. Qd3 Na3 27. Rb2 Nc4 28. Rbb1 Na3 1/2-1/2

[Event "Saratov SSEU Cup"]
[Site "Saratov"]
[Date "2012.12.13"]
[Round "4"]
[White "Efimov, Ivan"]
[Black "Palin, Denis"]
[Result "1-0"]
[WhiteElo "2103"]
[BlackElo "2111"]
[PlyCount "109"]
[EventDate "2012.12.06"]
[EventType "tourn"]
[EventRounds "9"]
[EventCountry "RUS"]
[SourceTitle "CBM 152 Extra"]
[Source "ChessBase"]
[SourceDate "2013.02.25"]
[SourceVersion "1"]
[SourceVersionDate "2013.02.25"]
[SourceQuality "1"]

1. e4 e6 2. d4 d5 3. Nc3 dxe4 4. Nxe4 Nd7 5. Nf3 Ngf6 6. Bd3 Nxe4 7. Bxe4 Nf6 8. Bd3 c5 9. c3 Be7 10. 0-0 0-0 11. Qe2 b6 12. Rd1 Qc7 13. Bg5 Bb7 14. Bh4 Rfd8 15. Bg3 Bd6 16. dxc5 Bxg3 17. hxg3 Qxc5 18. Ba6 Bxa6 19. Qxa6 Ne4 20. Rd4 Rxd4 21. cxd4 Qc2 22. Rf1 Nd2 23. Nxd2 Qxd2 24. Qb7 Rd8 25. Qxa7 Qxb2 26. Rd1 g6 27. Qa4 Rd5 28. Qc4 b5 29. Qb3 Qxb3 30. axb3 e5 31. Kf1 exd4 32. Ke2 Kf8 33. Kd3 f5 34. Rh1 h5 35. Rh4 Ke7 36. Rxd4 Ke6 37. Kc3 Ke5 38. Rxd5+ Kxd5 39. Kb4 Kc6 40. Ka5 Kc5 41. b4+ Kc4 42. f4 Kd3 43. Kxb5 Ke3 44. Kc4 Kf2 45. b5 Kxg2 46. b6 Kxg3 47. b7 Kxf4 48. b8Q+ Kg4 49. Kd3 f4 50. Ke2 h4 51. Kf2 h3 52. Qh8 g5 53. Qh7 f3 54. Qd7+ Kh4 55. Kxf3 1-0